| 000 | 00963nam a2200253Ia 4500 | ||
|---|---|---|---|
| 003 | OSt | ||
| 005 | 20220923223400.0 | ||
| 006 | a|||||r|||| 00| 0 | ||
| 007 | ta | ||
| 008 | 220922b |||||||| |||| 00| 0 hin d | ||
| 024 | _a214,504 | ||
| 037 | _cTextual | ||
| 040 |
_aARTS _cARTS _bhin |
||
| 041 |
_2hin _ahin |
||
| 082 | _aO152,3N05:g(Y), N1 | ||
| 100 |
_aगायकवाड, सुरेश _9156369 |
||
| 245 | 0 | _aजैनेन्द्र के कथा साहित्य में चित्रित सामाजिक समस्याऐ | |
| 246 | _aJainendra ke kathā sāhitya mean chitrit sāmājik samasyāai | ||
| 260 |
_aकानपुर _b साहित्य रत्नाकर _c1991 |
||
| 300 |
_a299 पृ. _ccm. |
||
| 650 |
_aहिन्दी साहित्य _9156264 |
||
| 942 |
_hO152,3N05:g(Y), N1 _cTEXL _2CC |
||
| 999 |
_c364435 _d364435 |
||